Các nhân tố ảnh hưởng đến ý định mua nhà ở trong các khu dân cư tại Thành phố Cần Thơ : Luận văn Thạc sĩ Kinh tế. Chuyên ngành Quản trị kinh doanh

Đề tài "Các nhân tố ảnh hưởng đến ý định mua nhà ở trong các khu dân cư tại TP Cần Thơ" dựa trên mô hình đề xuất kế thừa từ lý thuyết hành vi có kế hoạch TPB của Ajzen (1991) và các tài liệu lược khảo liên quan được thực hiệ...

Popoln opis

Shranjeno v:
Bibliografske podrobnosti
Glavni avtor: Phan, Kim Chi
Format: Knjiga
Jezik:Undetermined
Izdano: Cần Thơ Trường Đại học Cần Thơ 2020
Teme:
Oznake: Označite
Brez oznak, prvi označite!
Thư viện lưu trữ: Trung tâm Học liệu Trường Đại học Cần Thơ
LEADER 01602nam a2200229Ia 4500
001 CTU_237892
008 210402s9999 xx 000 0 und d
082 |a 658.8342 
082 |b Ch300 
088 |a 8340101 
100 |a Phan, Kim Chi 
245 0 |a Các nhân tố ảnh hưởng đến ý định mua nhà ở trong các khu dân cư tại Thành phố Cần Thơ : 
245 0 |b Luận văn Thạc sĩ Kinh tế. Chuyên ngành Quản trị kinh doanh 
245 0 |c Phan Kim Chi ; Châu Thị Lệ Duyên (Cán bộ hướng dẫn) 
260 |a Cần Thơ 
260 |b Trường Đại học Cần Thơ 
260 |c 2020 
520 |a Đề tài "Các nhân tố ảnh hưởng đến ý định mua nhà ở trong các khu dân cư tại TP Cần Thơ" dựa trên mô hình đề xuất kế thừa từ lý thuyết hành vi có kế hoạch TPB của Ajzen (1991) và các tài liệu lược khảo liên quan được thực hiện vào tháng 07/2020. Kết quả nghiên cứu của đề tài cho thấy các biến đưa vào mô hình đã giải thích được 64.8% sự thay đổi của biến phụ thuộc là ý định mua nhà ở, cụ thể các biến đó là: tài chính, môi trường văn hóa, tính năng ngôi nhà. 
650 |a Consumer behavior,Hành vi người tiêu dùng 
904 |i Hải 
910 |c tvtrong 
980 |a Trung tâm Học liệu Trường Đại học Cần Thơ